| 000 | 01871cam a2200397 i 4500 | ||
|---|---|---|---|
| 001 | 21803378 | ||
| 003 | OSt | ||
| 005 | 20260129164717.0 | ||
| 008 | 201117t20212021ilu b 001 0 eng | ||
| 010 | _a 2020049309 | ||
| 020 |
_a9781433570520 _q(trade paperback) |
||
| 020 |
_z9781433570551 _q(epub) |
||
| 020 |
_z9781433570537 _q(pdf) |
||
| 020 |
_z9781433570544 _q(mobi) |
||
| 035 | _a21803378 | ||
| 040 |
_aDLC _beng _erda _cDLC _dDLC |
||
| 042 | _apcc | ||
| 050 | 0 | 0 |
_aBS744 _b.L36 2021 |
| 082 | 0 | 0 |
_a221.4/8 _223 |
| 100 | 1 |
_aLanier, Gregory R., _eauthor. |
|
| 245 | 1 | 4 |
_aThe Septuagint : _bwhat it is and why it matters / _cGregory R. Lanier and William A. Ross. |
| 264 | 1 |
_aWheaton, Illinois : _bCrossway, _c[2021] |
|
| 264 | 4 | _c©2021 | |
| 300 |
_a216 pages ; _c21 cm |
||
| 336 |
_atext _btxt _2rdacontent |
||
| 337 |
_aunmediated _bn _2rdamedia |
||
| 338 |
_avolume _bnc _2rdacarrier |
||
| 504 | _aIncludes bibliographical references and indexes. | ||
| 520 |
_a"This volume first addresses the nature of the Septuagint, who produced it and how, and its textual history. Then it considers the ways that study of the Septuagint affects our understanding of the Hebrew Bible, key textual and linguistic issues for New Testament study, and the position of the Septuagint within the concept of scriptural authority"-- _cProvided by publisher. |
||
| 630 | 0 | 0 |
_aBible. _pOld Testament _lGreek _xVersions _xSeptuagint _vIntroductions. |
| 700 | 1 |
_aRoss, William A., _d1987- _eauthor. |
|
| 776 | 0 | 8 |
_iOnline version : _aLanier, Gregory R., 1981- _tThe Septuagint _dWheaton : Crossway, 2021. _z9781433570537 _w(DLC) 2020049310 |
| 906 |
_a7 _bcbc _corignew _d1 _eecip _f20 _gy-gencatlg |
||
| 942 |
_2lcc _cBK |
||
| 999 |
_c21168 _d21167 |
||